000
00350nam a2200121Ia 4500
003
GCL
008
140319s9999 xx 000 0 ara d
040
_a
GCL /
_c
GCL
082
0
4
_a
398.9
_b
ن م
245
1
0
_a
المختار من طرائف الامثال والاخبار
260
_a
[S.N] :
_b
دار الكتاب اللبنانى ،
_c
1987
490
_a
999
_c
59125
_d
59125